Music Quiz

Random Music or Clickable Quiz

Two Word Lyrics, Two Word Song Titles Quiz Stats

 Plays Quiz Updated May 20, 2016

Score 0/20 Timer 05:00
6 Plays Today
% Correct
little silhouetto
80.6%
big wheel
66.7%
silver ball
65%
mom's spaghetti
64.4%
jukebox money
58.2%
steely knives
55.2%
Jackson, Mississippi
53.7%
Russian roulette
51.6%
lonely street
48.4%
Ventura Boulevard
45.6%
% Correct
spinal cracker
45.3%
high school
45%
macho man
44.8%
piano man
43.3%
candidates debate
42.9%
magic, madness
35%
colorful clothes
26.2%
threshing oar
25.3%
ain't happy
24.9%
cop car
19.7%

You're not logged in!

Compare scores with friends on all Sporcle quizzes.
OR
Log In

You Might Also Like...

Show Comments

Extras

Top Quizzes Today


Score Distribution

Your Account Isn't Verified!

In order to create a playlist on Sporcle, you need to verify the email address you used during registration. Go to your Sporcle Settings to finish the process.

Report this User

Report this user for behavior that violates our Community Guidelines.

Details: